000 01116nam a22003377a 4500
003 CHAP
005 20220329134608.0
008 971013s1984 r 00010 d
010 _a22782
011 _a23754
035 _a27851
040 _cCHAP
082 _a581.13
_bD8
100 0 0 _aDuffus, C. M.
_934413
245 _aCarbohydrate metabolism in plants
260 _aLondon :
_bLongman,
_c1984
300 _a183 p.
_b: ilus.
590 _aBATCH-UPD
_b10
_c20130110
_lUCH01
_h2021
590 _aBATCH-UPD
_b10
_c20130410
_lUCH01
_h1339
590 _aBATCH-UPD
_b10
_c20130914
_lUCH01
_h0843
590 _aCONVERSION
_b10
_c20130109
_lUCH01
_h1313
650 1 4 _aCarbohidratos.
_918810
650 1 4 _aPlantas
_xMetabolismo.
_988858
650 1 4 _aQuĂ­mica vegetal.
_993602
700 0 _aDuffus, John H.
_934416
901 _aBK
942 _cLIBRO
949 _a581.13 D8
_bBC
_cLIBRO
_d33724000521936
_eLIBRO
_gI.125463
_h64742
_i27851
_si
949 _a581.13 D8
_bBC
_cLIBRO
_d33724000522058
_eLIBRO
_fc.2
_gI.125464
_h64743
_i27851
_si
949 _a581.13 D8
_bBC
_cLIBRO
_d33724000817870
_eLIBRO
_fc.3
_gI.126898
_h66551
_i27851
_si
999 _c22782
_d22782